В помощь партучебе. 1928/29 учебный год. Вып. 7 (Запись № 13569238)

Подробности
000 -МАРКЕР
контрольное поле 01547nam2a2200277 4500
001 - ИДЕНТИФИКАТОР ЗАПИСИ
контрольное поле rc\2823239
005 - ИДЕНТИФИКАТОР ВЕРСИИ
контрольное поле 20260315044527.0
035 ## - ДРУГИЕ СИСТЕМНЫЕ НОМЕРА
Идентификатор записи (NLR Aleph) 006981590
100 ## - ДАННЫЕ ОБЩЕЙ ОБРАБОТКИ
Данные общей обработки 20110623d1928 u y0rusy50 ca
101 0# - ЯЗЫК РЕСУРСА
Язык текста, звукозаписи и т.д. русский
102 ## - СТРАНА ПУБЛИКАЦИИ ИЛИ ПРОИЗВОДСТВА
Страна публикации Российская Федерация
105 ## - ПОЛЕ КОДИРОВАННЫХ ДАННЫХ: ТЕКСТОВЫЕ МАТЕРИАЛЫ, МОНОГРАФИЧЕСКИЕ
Кодированные данные о монографическом текстовом документе y j |||||
200 0# - ЗАГЛАВИЕ И СВЕДЕНИЯ ОБ ОТВЕТСТВЕННОСТИ
Основное заглавие 1928/29 учебный год. Вып. 7
Первые сведения об ответственности Сост. Шайкевич
210 ## - ПУБЛИКАЦИЯ, РАСПРОСТРАНЕНИЕ И ДР.
Дата издания, распространения и т.д. [1928]
215 ## - ФИЗИЧЕСКАЯ ХАРАКТЕРИСТИКА
Специфическое обозначение материала и объем 16 с.
225 1# - СЕРИЯ
Основное заглавие серии 5 серия пособий для слушателей марксистско-ленинских кружков, вечерних совпартшкол II ступени, заочников губсовпартшкол и для кружков самообразования
300 ## - ОБЩИЕ ПРИМЕЧАНИЯ
Текст примечания Подзаг. вып.: Одногодичный курс
461 #0 - УРОВЕНЬ НАБОРА
Встроенное поле 001rc\2823233
-- 2000#$aВ помощь партучебе$eОрган АППО ЦК и МК ВКП(б) и Главполитпросвета$iИст. материализм. Одногодич. прогр.$v1928/29 учебный год. Вып. 7
Системный номер (АБИС) связанной записи 5536899
Место публикации Москва
Дата публикации [1928-1929]
Заглавие части Ист. материализм. Одногодич. прогр.
Имя издателя, распространителя и т.д. журн. "В помощь партучебе"
Сведения, относящиеся к заглавию Орган АППО ЦК и МК ВКП(б) и Главполитпросвета
Заглавие В помощь партучебе
Номер тома 1928/29 учебный год. Вып. 7
702 #1 - ИМЯ ЛИЦА - ВТОРИЧНАЯ ОТВЕТСТВЕННОСТЬ
Начальный элемент ввода Шайкевич
Код отношения Составитель
801 #0 - ИСТОЧНИК ЗАПИСИ
Страна Российская Федерация
Организация NLR
Правила каталогизации psbo
801 #1 - ИСТОЧНИК ЗАПИСИ
Страна Российская Федерация
Организация ELAR
Источник данных rusmarc
852 ## - МЕСТОНАХОЖДЕНИЕ И ШИФР ХРАНЕНИЯ
Идентификатор организации NLR
Шифр хранения (Call Number) 65-7/2635(7)
942 ## - ДОПОЛНИТЕЛЬНЫЕ ЭЛЕМЕНТЫ ЗАПИСИ (АБИС)
Тип экземпляра АБИС Неопределено
980 ## - КОЛЛЕКЦИЯ
Название коллекции Национальная библиография

Нет доступных экземпляров.